Szczegóły MARC21

Bogdan Jański : założyciel Zmartwychwstańców 1807-1840 /

005 -DATA I CZAS OSTATNIEJ MODYFIKACJI [,]
    • @
    • pole kontrolne
    • 20090429133934.0
020 -Międzynarod. znormalizowany nr książki - ISBN [ , ]
    • a
    • Numer ISBN
    • 8300004505 Find
040 -Instytucja sporządzająca opis [ , ]
    • a
    • Instytucja, która sporządziła opis (NP)
    • SZCZ U/SA
    • c
    • Instytucja, która sporządziła rekord (NP)
    • SZCZ U/SA
    • d
    • Instytucja, która zmodyfikowała rekord (P)
    • SZCZ U/JŚ
041 -Język dokumentu [0, ]
    • a
    • Język tekstu (P)
    • polski
044 -Kraj miejsca wydania [ , ]
    • a
    • Kraj miejsca wydania
    • Polska
942 -Rodzaj dokumentu [ , ]
    • c
    • Rodzaj dokumentu
    • Książka
100 -Hasło główne - nazwa osobowa [1, ]
    • a
    • Nazwa osobowa (NP)
    • Micewski, Bolesław.
245 -Strefa tytułu i oznaczenia odpowiedzialności [1,0]
    • a
    • Tytuł
    • Bogdan Jański : Find
    • b
    • Ciąg dalszy tytułu (NP)
    • założyciel Zmartwychwstańców 1807-1840 / Find
    • c
    • Pozostałe elementy strefy tytułu i oznaczenia odpowiedzialności (NP)
    • Bolesław Micewski.
260 -Strefa adresu wydawniczego [ , ]
    • a
    • Miejsce wydania (P)
    • Warszawa :
    • b
    • Nazwa wydawcy (P)
    • Ośrodek Dokumentacji i Studiów Społecznych,
    • c
    • Data wydania (P)
    • 1983.
300 -Strefa opisu fizycznego [ , ]
    • a
    • Określenie formy książki i/lub objętość (NP)
    • 511 s. ;
    • c
    • Format (NP)
    • 19 cm.
504 -Uwaga dot. bibliogr. załącznikowej [ , ]
    • a
    • Uwaga dot. bibliografii załącznikowej
    • Bibliogr. Ind.
080 -Uniwersalna Klasyfikacja Dziesiętna [ , ]
    • 2
    • Identyfikator wydania tablic
    • UDC-P058
    • a
    • Symbol klasyfikacji
    • 27-788/-789
    • b
    • Dopowiedzenie
    • Chrześcijaństwo. Zakony. Kongregacje. Monastycyzm. Poszczególne zakony.
    • x
    • Poddział wspólny
    • (438)
    • b
    • Dopowiedzenie
    • (Polska).
    • x
    • Poddział wspólny
    • "18"
    • b
    • Dopowiedzenie
    • Wiek XIX.
080 -Uniwersalna Klasyfikacja Dziesiętna [ , ]
    • 2
    • Identyfikator wydania tablic
    • UDC-P058
    • a
    • Symbol klasyfikacji
    • 929-052A/Z
    • b
    • Dopowiedzenie
    • Biografie indywidualne.
    • x
    • Poddział wspólny
    • (438)
    • b
    • Dopowiedzenie
    • (Polska).
    • x
    • Poddział wspólny
    • "18"
    • b
    • Dopowiedzenie
    • Wiek XIX.
980 -Symbol UKD [ , ]
    • a
    • UKD
    • 27-788/-789:929-052Jański B.](438)"18"
920 -ISBN [ , ]
    • a
    • ISBN
    • 83-00-00450-5 Find
Status udost. Numer inwentarzowy Data inwentaryzacji Lokalizacja
1H.184902009-01-22BNS